Alliteration - Statistics

General Stats
  • This quiz has been taken 55 times
  • The average score is 9 of 21
Answer Stats
Hint Answer % Correct
Clock In London Big Ben
100%
Character That Is A Bird Big Bird
77%
Looney Tunes Character Bugs Bunny
77%
Lives in a Fruit Under Water Spongebob Squarepants
72%
Can You Find Him? Where's Waldo?
68%
Doesn't Want to Grow Up Peter Pan
64%
Former US President Ronald Reagan
62%
Hometown of the Steelers Pittsburgh, Pennsylvania
55%
Kids TV Show Sesame Street
51%
British Kids TV Show About a Pig Peppa Pig
47%
MLB Team in Illinois Chicago Cubs
40%
NFL Team In Western NY Buffalo Bills
38%
Daffy Duck
38%
Governor Of New Jersey Chris Christie
34%
Calvin Coolidge
30%
NFL Team in Florida Jacksonville Jaguars
30%
Cause Baby Now We Got_____ Bad Blood
19%
Smoothie Shop Jamba Juice
15%
Dead English Comedian Charlie Chaplin
13%
Curious George Soundtrack Writer Jack Johnson
9%
Rapper from Philadelphia Meek Mill
9%
No matching quizzes found
Score Distribution
Percent of People with Each Score
Percentile by Number Answered
Your Score History
You have not taken this quiz